000 00346nam a2200121Ia 4500
008 231129s2001||||xx |||||||||||||| ||spa||
020 _a958-8120-27-6
082 _aR (i)036.1 E56n
245 0 _aEnciclopedia para primaria
260 _c2001
264 _aBogotá : Cultural internacional.
942 _2ddc
_cBKS
999 _c13007
_d13007